MDQL
is popping MORE tags! Check the
thread
!
Quizzes
Events
Quiz Creation
Community
Videos
Private Events
Remove Ads
Sign In
Join for FREE
Feedback
Dark Mode
Quiz Categories
Sports
Geography
Music
Movies
Television
Just For Fun
Miscellaneous
History
Literature
Language
Science
Gaming
Entertainment
Religion
Holiday
For Kids
Quiz Lab
Recent
Popular Today
Quiz Kudos Today
Editor Picks
Curator Picks
Quizzes by...
Day
Popularity
Type
Ratings
Length
Year
Community
Subscriptions
Recent Discussions
Orange Saloon
Badges
Playlists
Quests
Create
Leaderboards
Showdown
Live 5
Trivia Bingo
Activity
Puzzle Library
Sporcle Events
Private Events
Virtual Trivia
Globe League
Become a Host
Pub Owners
SporcleCon
Opinionation
Our Games
Videos
Blog
Mobile Apps
Partnerships
Remove Ads and Go Orange
Feedback
Sports
Athletes
MLB
NBA
NHL
NFL
Soccer
Sports Teams
WWE
NCAA
Football
Premier League
Basketball
Baseball
Hockey
Golf
Tennis
Cricket
Rugby
Auto Racing
Olympics
World Cup
Sports
Athletes
MLB
NBA
NHL
NFL
Soccer
Sports Teams
WWE
NCAA
Football
Premier League
Basketball
Baseball
Hockey
Golf
Tennis
Cricket
Rugby
Auto Racing
Olympics
World Cup
Random Quiz
Search Sporcle
×
Quiz Lab
Quiz Lab
Sports
Player
Type in answers that appear in a list
Type in answers that appear in a list
Classic
Best Score? Go Orange.
50 Doubles Club 1990-2009 Stats
Can you name the 50 Doubles Club 1990-2009?
By
gregor2088
10m
39 Questions
257 Plays
257 Plays
257 Plays
Comments
Comments
Give Quiz Kudos
Give Quiz Kudos
-
- Ratings
hide this ad
Replay
Link that replays current quiz
Next Quiz
Link to next quiz in quiz playlist
You Got
0%
They Got
Avg Score
45%
Avg Friend Score
Upgrade to see
Score Distribution
Jump to the score distribution portion of the page
Score
0/39
Timer
10:00
0
Plays Today
Year/Doubles
Player
% Correct
1996 (54 2B)
Alex Rodriguez
84.8%
2004 (51 2B)
Albert Pujols
72.8%
2003 (51 2B)
Albert Pujols
72.8%
1999 (56 2B)
Craig Biggio
70%
1998 (51 2B)
Craig Biggio
70%
2001 (54 2B)
Todd Helton
68.9%
2000 (59 2B)
Todd Helton
68.9%
2006 (52 2B)
Luis Gonzalez
59.1%
1998 (50 2B)
Juan Gonzalez
59.1%
2007 (52 2B)
David Ortiz
56%
2008 (54 2B)
Dustin Pedroia
54.1%
2005 (50 2B)
Derrek Lee
52.5%
2009(56 2B)
Brian Roberts
52.1%
2008 (51 2B)
Brian Roberts
52.1%
2004 (50 2B)
Brian Roberts
52.1%
2002 (51 2B)
Alfonso Soriano
51.8%
2001 (55 2B)
Lance Berkman
51.8%
1995 (52 2B)
Albert Belle
51.8%
1996 (52 2B)
Edgar Martinez
50.6%
1995 (52 2B)
Edgar Martinez
50.6%
Year/Doubles
Player
% Correct
2000 (57 2B)
Carlos Delgado
47.9%
2002 (56 2B)
Garrett Anderson
46.3%
2006 (52 2B)
Michael Young
45.9%
2006 (50 2B)
Miguel Cabrera
45.1%
2007 (54 2B)
Magglio Ordonez
39.3%
2007 (50 2B)
Matt Holliday
38.5%
2002 (56 2B)
Nomar Garciaparra
38.5%
2000 (51 2B)
Nomar Garciaparra
38.5%
2006 (53 2B)
Grady Sizemore
36.6%
2005 (50 2B)
Miguel Tejada
33.9%
2002 (50 2B)
Bobby Abreu
32.3%
1993 (54 2B)
John Olerud
27.6%
1995 (51 2B)
Mark Grace
17.1%
2006 (53 2B)
Freddy Sanchez
16.7%
2009 (51 2B)
Billy Butler
16%
2000 (51 2B)
Jose Vidro
15.6%
2004 (53 2B)
Lyle Overbay
14.4%
1997 (54 2B)
Mark Grudzielanek
8.2%
2000 (53 2B)
Jeff Cirillo
7.8%
Quiz Playlist
Details
Report
Send in Message
Add To Playlist
Classic:
Type in answers that appear in a list
Last Updated: Feb 16, 2017
Quiz Scoreboard
CHALLENGE
Sign Up to Join the Scoreboard
Show All
Scores
Hide
Comments
May contain spoilers
Recently Published
Image Sorting: Flags VI
by Barbecue
Geography
2m
Find the 'City' Movie
by crazypaving
Movies
60s
Colored Red Africa Blitz
by spor1
Geography
45s
More to Explore
Quiz From the Vault
Featured Blog Post
14 Easter Pick-up Lines to Find Eggs With
hide this ad
You Might Also Like...
Tags
1990s
club
double
Player
Today's Top Quizzes in Sports
Browse Sports
hide this ad
Today's Top Quizzes in Player
Browse Player
Top Contributed Quizzes in Sports
1
Les meilleurs buteurs des matchs entre le PSG et l’OM
2
Les entraîneurs de l'OM et du PSG au 21e siècle
3
Les joueurs passés par le PSG et l'OM
4
2022 World Cup Stars
5
Players with Multiple 50 Home Run Seasons
6
Criteria MLB: Left Handed Sluggers
7
Les joueurs passés par le LOSC et le RC Lens
8
NBA Logic Puzzle 2.0
9
MLB Players with Two .350 Batting Average Seasons
10
FIFA Club World Cup Champions
Explore More
Trending Topics
Disney
NBA
Kpop
Crossword
Harry Potter
Marvel
Anime
Country
WWE
Puzzle
The Office
Song
NFL
Soccer
Pokémon
hide this ad
More By:
gregor2088
Quiz
Plays
Rating
Category
Featured
Created
2000-2009 MLB players with 130 + RBI's?
5,281
4.17
Sports
Jun 22, 2010
QB's with 30 TD's in a season since 1980?
2,263
4.18
Sports
Mar 8, 2010
Kansas City Chief Starting QB 1990-2010
971
5.00
Sports
Feb 5, 2010
Kansas Jayhawks All Time leading scorers
881
4.00
Sports
Feb 4, 2010
Kansas Jayhawks NCAA Opponents 1990-2009
833
2.50
Sports
Feb 25, 2010
Go to Creator's Profile
Score Distribution
Quiz Creator Spotlight
gregor2088
Follow
Send a Message
Quizzes Created
-
Created Quiz Play Count
-
More By This Creator
Popular Quizzes Today
1
Colored Red Africa Blitz
2
Find the US States - No Outlines Minefield
3
Find the 'City' Movie
4
5x2 Blitz: Bands
5
The Countries of the World
6
Find the US States
7
Find the Countries of Europe - No Outlines Minefield
8
US States
More Sports Quizzes
AS Monaco's Record Transfers Out
Quiz Lab
Trending Quizzes
Colored Red Europe Blitz I
Colored Red Europe Blitz II
Colored Red Africa Blitz II
Colored Red Europe Blitz III
Colored Red Africa Blitz III
Recently Updated
How Do You Spell That?
pecheneg
Godzilla Movies
pecheneg
Grab Bag: 4-10 Letters
pecheneg
2024 March Madness Bracket
pecheneg
Famous TV Couples
Peacemaker
Champions League XIs: Real Madrid
pecheneg
Largest US Cities 1790-2010
pecheneg
Rides in Walt Disney World
pecheneg
Most Oscar Losses (Acting)
pecheneg
Beyoncé Albums
pecheneg
Trending Topics
Kpop
Disney
Marvel
Anime
NBA
Crossword
Harry Potter
Country
NFL
WWE
Soccer
Song
The Office
Puzzle
Pokémon
Your Account Isn't Verified!
In order to create a playlist on Sporcle, you need to verify the email address you used during registration. Go to your
Sporcle Settings
to finish the process.
Report this User
Report this user for behavior that violates our
Community Guidelines
.
Details:
Send Report
Go to the Sporcle.com Mobile Site →
Comments